| 000 | 00509nam a2200181 i 4500 | ||
|---|---|---|---|
| 001 | 29067 | ||
| 003 | ES-MaACL | ||
| 005 | 20230906153954.0 | ||
| 007 | t| | ||
| 008 | 160905s1956 sp ||||1| cat d | ||
| 245 | 0 | 0 |
_aAntologia : _b(trenta-set autors actuals sabadellencs). |
| 260 |
_aSabadell : _bBiblioteca Sabadell, _c1956. |
||
| 300 |
_a146 p. ; _c19 cm. |
||
| 490 | 1 |
_aBiblioteca Sabadell ; _v1 |
|
| 830 | 0 |
_aBiblioteca Sabadell ; _v1 _9181232 |
|
| 852 |
_aES-MaACL _jE-4199 |
||
| 999 |
_c29067 _d29067 |
||